01398nam a2200361 a 4500001001200000003000800012006001900020007001500039008004100054010001700095020002500112020002200137020002700159040002100186035002100207043001200228050002700240082002300267245009900290260004800389300001800437490004100455504005100496533015200547650004200699650003900741655002900780700002400809710001700833830004300850856012600893999001701019ebr10671159CaPaEBRm u cr cn|||||||||100303s2009 nyuad sb 001 0 eng d z 2010277394 z9781606921517 (hbk.) z1606921517 (hbk.) z9781613249840 (e-book) aCaPaEBRcCaPaEBR a(OCoLC)753429587 an-us---14aRA410.53b.H363 2009eb04a338.433621097322200aHealth care costsh[electronic resource] :boutlook and options /cRaymond W. Inhurst, editor. aNew York :bNova Science Publishers,c2009. a92 p. :bill.1 aHealth care issues, costs and access aIncludes bibliographical references and index. aElectronic reproduction.bPalo Alto, Calif. :cebrary,d2013.nAvailable via World Wide Web.nAccess may be limited to ebrary affiliated libraries. 0aMedical care, Cost ofzUnited States. 0aHealth care reformzUnited States. 7aElectronic books.2local1 aInhurst, Raymond W.2 aebrary, Inc. 0aHealth care issues, costs, and access.40uhttp://site.ebrary.com/lib/rucke/Doc?id=10671159zAn electronic book accessible through the World Wide Web; click to view c62327d62327